LIBRARY & INFORMATION CENTRE, KCAET, TAVANUR

ONLINE PUBLIC ACCESS CATALOGUE (OPAC)

Thermodynamics for engineers / (Record no. 1474)

MARC details
000 -LEADER
fixed length control field 00463cam a2200181ua 4500
041 ## - LANGUAGE CODE
Language code of text/sound track or separate title eng
082 ## - DEWEY DECIMAL CLASSIFICATION NUMBER
Classification number 621.4021
Item number DOO/TH
100 ## - MAIN ENTRY--AUTHOR NAME
Personal name Doolittle, Jesse S.
245 ## - TITLE STATEMENT
Title Thermodynamics for engineers /
260 ## - PUBLICATION, DISTRIBUTION, ETC. (IMPRINT)
Place of publication London :
Name of publisher John Wiley & Sons ,
Year of publication 1984.
300 ## - PHYSICAL DESCRIPTION
Number of Pages 582 ; .
700 1# - ADDED ENTRY--PERSONAL NAME
Personal name Hale, Francis J.
942 ## - ADDED ENTRY ELEMENTS (KOHA)
Koha item type Books
Holdings
Withdrawn status Lost status Damaged status Home library Current library Date acquired Full call number Accession Number Koha item type
      KAUAET KAUAET 07/04/2012 621.4021 18094 Books
free website counter